01174nab a22002417a 4500003000400000005001700004008004100021040000700062100003000069245006700099300001200166500003100178505029500209505007400504650005200578650002300630650004500653650002100698650001900719650001500738650002900753773015000782OSt20260101184458.0190514b xxu||||| |||| 00| 0 spa d cPJ aJure, María Angélica 10aNunca más otro caso "Fornerón" /cMaría Angélica Jure. ap. 8-17 aTR LALEY AR/DOC/3263/2024. a Sumario: I. Introducción.— II. Breve relación de la causa.— III. Sobre el fallo de la CS.— IV. Admisión del recurso de queja. Razones.— V. Sobre el impacto de los fallos de la CIDH.— VI. Sobre una cuestión vinculada al consentimiento materno.— VII. Reflexión final.  aFallo comentado: CS ~ 13/08/2024 ~ P., M. B. s/ medidas precautorias. 0aDERECHOS DE LAS NIÑAS, NIÑOS Y ADOLESCENTES 0aDERECHO DE FAMILIA 0aCORTE INTERAMERICANA DE DERECHOS HUMANOS 0aDERECHOS HUMANOS 0aCONSENTIMIENTO 0aADOPCIÓN 0aJURISPRUDENCIA APLICABLE0 02844dBuenos Aires : AbeledoPerrot, 1989-tDerecho de familia. Revista Interdisciplinaria de doctrina y jurisprudencia. Febrero 2025-I.z18511201